ARRUPE JESUIT UNIVERSITY

CORONAVIRUS -STOP THE SPREAD - CLEAN,DISINFECT,COVER

The Poetry of Wole Soyinka (Record no. 119728)

MARC details
000 -LEADER
fixed length control field 00416nam a22001457a 4500
008 - FIXED-LENGTH DATA ELEMENTS--GENERAL INFORMATION
fixed length control field 140128b xxu||||| |||| 00| 0 eng d
020 ## - INTERNATIONAL STANDARD BOOK NUMBER
International Standard Book Number 9780230068
050 ## - LIBRARY OF CONGRESS CALL NUMBER
Classification number PR9387.9.S6Z861994
100 ## - MAIN ENTRY--PERSONAL NAME
Personal name Ojaide, Tanure
9 (RLIN) 7153
245 ## - TITLE STATEMENT
Title The Poetry of Wole Soyinka
Statement of responsibility, etc Tanure Ojaide
260 ## - PUBLICATION, DISTRIBUTION, ETC. (IMPRINT)
Place of publication, distribution, etc Oxford
Name of publisher, distributor, etc Malthouse Press LTD.
Date of publication, distribution, etc 1994
300 ## - PHYSICAL DESCRIPTION
Extent 140p. ;
Dimensions 23cm.
600 ## - SUBJECT ADDED ENTRY--PERSONAL NAME
Personal name Soyinka, Wole
9 (RLIN) 7154
942 ## - ADDED ENTRY ELEMENTS (KOHA)
Source of classification or shelving scheme Library of Congress Classification
Item type Monograph ( Printed materials)
Holdings
Withdrawn status Lost status Source of classification or shelving scheme Damaged status Not for loan Home library Current library Date acquired Total Checkouts Full call number Barcode Date last seen Price effective from Koha item type
    Library of Congress Classification     ARRUPE LIBRARY ARRUPE LIBRARY 28/01/2014   PR9387.9.S6Z861994 464122276 28/01/2014 28/01/2014 Monograph ( Printed materials)

 

Arrupe Library. PO Box MP320 Mt Pleasant, Harare, Zimbabwe
263 242 745411|librarian@aju.ac.zw